| 000 | 00786nam a2200229 a 4500 | ||
|---|---|---|---|
| 001 | BRCA_7456 | ||
| 005 | 20190320205838.0 | ||
| 008 | 120413s1927----sp-a######---#000-0#spa-# | ||
| 041 | _aspa | ||
| 044 | _asp | ||
| 050 | 4 |
_aN7110 _b.E97 1927 |
|
| 245 | 1 | 0 |
_aExposición franciscana _bVII centenario de la muerte de San Francisco de Asis : catálogo general ilustrado, Madrid, mayo y junio, 1927 _cSociedad Española de Amigos del Arte. |
| 260 |
_aBarcelona _bJ. Vilamala, Biblioteca Franciscana _c1927 |
||
| 300 |
_a156 p. _bil., 61 láminas |
||
| 500 | _aQ212 | ||
| 650 | 1 | 4 |
_aArte _zMadrid _97766 |
| 650 | 1 | 4 |
_aArte y simbolismo cristiano _99209 |
| 650 | 1 | 4 |
_aArte _zEspaña _92064 |
| 710 | 2 |
_aSociedad Española de Amigos del Arte (Madrid) _918359 |
|
| 902 | _aGFM | ||
| 942 |
_2lcc _cB |
||
| 999 |
_c7132 _d7132 |
||